| 000 | 01363 a2200193 4500 | ||
|---|---|---|---|
| 001 | 29955 | ||
| 005 | 20260407155610.0 | ||
| 008 | 260407a1950 arg spa d | ||
| 003 | AR-UNSa-BCEJYS | ||
| 040 |
_aAR-UNSa-BCEJYS _bspa _cAR-UNSa-BCEJYS |
||
| 080 |
_a657.47 _xContabilidad de Costos |
||
| 245 | 1 | 0 | _aCostos funcionales |
| 264 | 1 | _c1950 | |
| 300 |
_a181 p. _c23 cm. |
||
| 505 | _a1. Introcción al estudio de los costos funcionales - 2. Costos de producción y de ventas - 3. Clasificación de cuentas objetiva y funcional - 4. Costos duncionales - 5. Costos funcionales de administración - 6. Determinación de los costos funcionales de administración - 7. Análisis de los costos funcionales de administración - 8. Costos funcionales de producción - 9. Determinación de los costos funcionales de producción - 10. Análisis de los costos funcionales de producción - 11. Costos funcionales de distribución - 12. Determinación de los costos funcionales de distribución - 13. Analisis de los costos funcionales de distribución - 14. Costos funcionales de financiación - 15. Determinación de los costos funcionales de financiación - 16. Análisis de los costos funcionales de financiación - 17. Los costos funcionales y el control presupuestario | ||
| 942 | _cBK | ||
| 590 | _aniveau_biblio:m niveau_hierar:0 | ||
| 100 | 1 | _aCholvis, Francisco | |
| 999 |
_c1989 _d1989 |
||